JCT: Major Project Sub-Contract Guide 2016. (Record no. 121425)

MARC details
000 -LEADER
fixed length control field 00749nam a22002173a 4500
001 - CONTROL NUMBER
control field 121425
005 - DATE AND TIME OF LATEST TRANSACTION
control field 20230403155229.0
008 - FIXED-LENGTH DATA ELEMENTS--GENERAL INFORMATION
fixed length control field 230403e201703uuxxk | |||||||0|0 eng|d
020 ## - INTERNATIONAL STANDARD BOOK NUMBER
ISBN 9780414058156 (pbk.) :
020 ## - INTERNATIONAL STANDARD BOOK NUMBER
ISBN 0414058151 (pbk.) :
041 ## - LANGUAGE CODE
Language code of text/sound track or separate title eng
082 04 - DEWEY DECIMAL CLASSIFICATION NUMBER
Classification number 343.42078624
245 00 - TITLE STATEMENT
Title JCT: Major Project Sub-Contract Guide 2016.
Subtitle MPSub/G 2016
260 ## - PUBLICATION INFORMATION
Place of publication London :
Publisher Sweet & Maxwell :
-- [distributor] Sweet & Maxwell Ltd :
-- [distributor] Thomson Reuters :
-- [distributor] Thomson Reuters :
-- [distributor] Academic Marketing Services (Pty),
Date 2017.
300 ## - PHYSICAL DESCRIPTION
Physical description 24p.
500 ## - GENERAL NOTE
General note Paperback.
651 ## - SUBJECT ADDED ENTRY--GEOGRAPHIC NAME
Geographic name United Kingdom
690 ## - BROAD SUBJECT
9 (RLIN) 6230
Broad subject Construction management
942 ## - ADDED ENTRY ELEMENTS (KOHA)
Suppress in OPAC Do not suppress in OPAC

No items available.